The joy of going it alone (Record no. 75991)

MARC details
000 -LEADER
fixed length control field 00930cab a2200181 4500
001 - CONTROL NUMBER
control field ##L131227
008 - FIXED-LENGTH DATA ELEMENTS--GENERAL INFORMATION
fixed length control field 051007n2005 000 0 eng u
035 ## - SYSTEM CONTROL NUMBER
System control number (Sirsi) u131227
041 0# - LANGUAGE CODE
Language code of text/sound track or separate title eng
100 1# - MAIN ENTRY--PERSONAL NAME
Personal name Imber, Austen
245 04 - TITLE STATEMENT
Title The joy of going it alone
260 ## - PUBLICATION, DISTRIBUTION, ETC.
Date of publication, distribution, etc. 2005
490 3# - SERIES STATEMENT
Series statement Estates Gazette
Volume/sequential designation (0539) 1 October 2005, 134-135(2)
520 ## - SUMMARY, ETC.
Summary, etc. This "Mainly for students" article highlights the financial rewards awaiting those surveyors who seek to operate as a sole trader or sole practitioner but suggests that success does not come easily. Looks at profits and profit margins, optimising the profile, winning business, the need to analyse and skills development and advancement. Concludes that successful sole traders can achieve profits of £75 000 to £100 000 pa within several years of start up.
590 ## - LOCAL NOTE (RLIN)
Local note IKA111005
690 ## - LOCAL SUBJECT ADDED ENTRY--TOPICAL TERM (OCLC, RLIN)
Topical term or geographic name as entry element MANAGEMENT-BUSINESS MANAGEMENT-PROFESSIONAL PRACTICE
942 ## - ADDED ENTRY ELEMENTS (KOHA)
Suppress in OPAC 0
Holdings
Withdrawn status Lost status Source of classification or shelving scheme Damaged status Not for loan Home library Current library Shelving location Date acquired Total Checkouts Full call number Barcode Date last seen Copy number Price effective from Koha item type
    Dewey Decimal Classification     London London Journal article 07/10/2005   L131227 131227-1001 06/08/2019 1 06/08/2019 Journal article